| 000 | 01081nas a2200373 4500 | ||
|---|---|---|---|
| 001 | BR0701171 | ||
| 003 | BR-BrBNA | ||
| 005 | 20231205110636.0 | ||
| 007 | ta | ||
| 008 | 230509b bl.|||p| |||| 00| 00por d | ||
| 040 |
_aBR-BrBNA _bpor _cBiblioteca Nacional de Agricultura |
||
| 041 | _a(Pt) | ||
| 072 | _aL02 | ||
| 100 | 1 | _aRuiz, F. | |
| 100 | 1 | _aAnciuti, M.A. | |
| 100 | 1 | _aRech, J.L. | |
| 100 | 1 | _aGonçalves, F.M. | |
| 100 | 1 | _aDelgado, A.D. | |
| 100 | 1 | _aRosa, E.R. | |
| 100 | 1 | _aZauk, N. | |
| 100 | 1 | _aRibeiro, C.L.G. | |
| 100 | 1 | _aSilva, R.R. | |
| 100 | 1 | _aDallmann, P.R. | |
| 245 | 1 | _aDesempenho e características de carcaças de frangos de corte recebendo extrato de leveduras na dieta | |
| 650 | _aFRANGO DE CORTE | ||
| 650 | _aCARCAÇA | ||
| 650 | _aGANHO DE PESO | ||
| 650 | _aCONVERSÃO ALIMENTAR | ||
| 650 | _aCONSUMO ALIMENTAR | ||
| 650 | _aRAÇÃO | ||
| 773 | 0 |
_tCiência Animal Brasileira (Brazil) _xISSN 1518-2797 _g(Oct-Dec 2006), v. 7(4) p. 349-355 _wBR0701171 |
|
| 909 |
_a202311 _bLúcia _c55 _dLúcia Elande |
||
| 942 |
_2AGRIS _n0 _cANA |
||
| 999 |
_c188328 _d188328 |
||